Регионална библиотека "Любен Каравелов" - Русе

История на науката и технологиите (Запис номер 347564)

MARC детайли
000 -Лидер
Контролно поле с фиксирана дължина 01949nam a2200445 a 4500
003 - Код на организацията, давaща контролен номер
Контролно поле BLK
005 - Дата и час на последна редакция
Контролно поле 20240530132524.0
008 - Елементи от данни с фиксирана дължина
fixed length control field 200107b bu |||||r|||| 00| 0 bu d
020 ## - Международен стандартен номер на книга ISBN
Международен стандартен номер на книга ISBN 9786192400491
040 ## - Източник на каталожния запис
Идентификатор на билиотеката - собственик на записа BLK
041 ## - Код за език
Код за езика на текст/звукозапис или на отделно заглавие Български
Код за езика КДБФ Български
080 ## - УДК
Текстов определител УДК Техника. Технически науки
УДК код - определител по УДК 62
УДК определител (02.053.2)
УДК - код + определител 62(02.053.2)
080 ## - УДК
Текстов определител УДК Наука. Наукознание. Организация на умствения труд
УДК код - определител по УДК 001
УДК определител (02.053.2)
УДК - код + определител 001(02.053.2)
080 ## - УДК
Текстов определител УДК Изобретения и открития. Изобретателство. Рационализации. Патенти. Промишлени образци. Вж и 347.77
УДК код - определител по УДК 001.894
УДК определител (02.053.2)
УДК - код + определител 001.894(02.053.2)
100 ## - Редна дума - Автор
Автор Бергомино, Джорджо
Авторска отговорност първи автор
R(LIN) 1299
139 ## - Редно поле
Редна дума Бергомино, Джорджо
Авторски знак Бер - Б 38
245 ## - Сведения за заглавието
Заглавие История на науката и технологиите
Редно поле (дума) Джорджо Бергомино и Джани Палита;прев. Мария Петрова и Весела Чергова
260 ## - Област на издателските данни
9 (RLIN) 209558
Място на издаване, разпространение и проч. София
Име на издателя, разпространителя и проч. ПАН
Година на издаване 2019
Издателство - префикс ISBN 978-954-660- ; 978-954-657-
300 ## - Физическа характеристика
Страници 192с.
Илюстрации и др. с цв. ил.
Размери/Мащаб 29 см
380 ## - Жанр
Жанр Детска отраслова лит.
650 #7 - Допълнително описание по предмет – тема
9 (RLIN) 173585
Основно описание – тема или топоним Техника
650 #7 - Допълнително описание по предмет – тема
9 (RLIN) 163554
Основно описание – тема или топоним Наука
650 #7 - Допълнително описание по предмет – тема
9 (RLIN) 156634
Основно описание – тема или топоним Изобретения
653 #7 - Ключова дума – ненормативна
9 (RLIN) 187398
Ключова дума изобретения
653 #7 - Ключова дума – ненормативна
9 (RLIN) 186023
Ключова дума експерименти
700 ## - Други автори (авторска отговорност)
Лично име Палитта, Джани
Автороска отговорност (Описва отношението между автора и произведението) съавт.
9 (RLIN) 1445
700 ## - Други автори (авторска отговорност)
9 (RLIN) 966
Лично име Петрова, Мария
Автороска отговорност (Описва отношението между автора и произведението) прев.
700 ## - Други автори (авторска отговорност)
9 (RLIN) 966
Лично име Чергова, Весела Петрова
Автороска отговорност (Описва отношението между автора и произведението) прев.
700 ## - Други автори (авторска отговорност)
9 (RLIN) 599
Лично име Урани, Андреа
Автороска отговорност (Описва отношението между автора и произведението) ил.
852 ## - Местоположение
Фондова буква Детски отдел
Систематично-азбучна сигнатура ДН 62/Б 38
856 ## - Електронен адрес и достъп
Инструкция (цена за достъп) 0.00
Права за достъп disable
999 ## - СИСТЕМНИ КОНТРОЛНИ НОМЕРА
Koha biblionumber 347564
Koha biblioitemnumber 347564
942 ## - АРТИКУЛИ
Вид на библиотечния материал Книги
Скрит в OPAC Не
Периодичен библиозапис Да
Koha issues (borrowed), all copies 8
944 ## - СЪЗДАВАНЕ И РЕДАКЦИЯ на ЗАПИСА
Създаване/Редакция Създаване
Дата на регистрацията/редакция 2020-01-07
Служител, извършил регистрацията/редакцията 30551
Статус, дата на статуса Бояна Костадинова
999 ## - СИСТЕМНИ КОНТРОЛНИ НОМЕРА
Koha biblioitemnumber 347564
999 ## - СИСТЕМНИ КОНТРОЛНИ НОМЕРА
Koha biblioitemnumber 347564
999 ## - СИСТЕМНИ КОНТРОЛНИ НОМЕРА
Koha biblioitemnumber 347564
999 ## - СИСТЕМНИ КОНТРОЛНИ НОМЕРА
Koha biblioitemnumber 347564
999 ## - СИСТЕМНИ КОНТРОЛНИ НОМЕРА
Koha biblioitemnumber 347564
999 ## - СИСТЕМНИ КОНТРОЛНИ НОМЕРА
Koha biblioitemnumber 347564
Наличности
Код за отписване Код за изгубен артикул Източник на класификационната схема Код за повреда Коз за рестрикции Код за отдаване Артикулен № Име на библиотеката - собственик Име на библиотеката, в която се намира в момента Статус (Текущо местоположение) Дата на вписване в системата Местоположение - отдел Цена в лева Систематично азбучна сигнатура Баркод Цена в евро Служебен тип на артикула
  Не е изгубен Universal Decimal Classification Не е повреден без рестрикции заемане за дома 753546 Регионална библиотека "Любен Каравелов" Русе Регионална библиотека "Любен Каравелов" Русе Детски отдел 2020-01-13 Детски отдел 20.33 ДН 62/Б 38 120000840739 10.39 Книги
  Не е изгубен Universal Decimal Classification Не е повреден без рестрикции заемане за дома 753547 Регионална библиотека "Любен Каравелов" Русе Регионална библиотека "Любен Каравелов" Русе Детски отдел 2020-01-13 Детски отдел 20.33 ДН 62/Б 38 120000840741 10.39 Книги
  Не е изгубен Universal Decimal Classification Не е повреден без рестрикции заемане за дома 753548 Регионална библиотека "Любен Каравелов" Русе Регионална библиотека "Любен Каравелов" Русе Детски отдел 2020-01-13 Детски отдел 20.33 ДН 62/Б 38 120000840740 10.39 Книги
  Не е изгубен Universal Decimal Classification Не е повреден само за читалня ползва се в читалня 834449 Регионална библиотека "Любен Каравелов" Русе Регионална библиотека "Любен Каравелов" Русе Хранилище 2021-06-03 Хранилище 29.90 Цб ІІ 29967 120000855457 15.29 Книги
Vip Innovations Ltd, Rousse, Bulgaria 2025